00752 2200217 4500001002100000008004100021035002000062245016700082100001900249700001900268260004200287300002800329020002200357084002300379082001700402650002700419990002200446990002200468990002200490990002200512INLIS000000000007303 ind  a0010-1021001323 aHadits Shahih Bukhari :bKumpulan hadits shahih tematik panduan muslim sehari-hari /cImam Az-Zabidi ; penerjemah, Abu Fairly Basam Taqie ; editor, Muhammad Ahsan aImam Az-Zabidi aMuhammad Ahsan aYogyakarta :bLontar Mediatama,c2017 axlvi, 749 hlm. ;c29 cm a979-979-1814-85-9 aR 297.125 41 IMA h aR 297.125 41 aHadis Bukhari-kumpulan a18/395640/PBI/KLL a18/395641/PBI/KLL a18/395642/PBI/KLL a18/395643/PBI/KLL